[Event "GRE-chT Online Rapid op 1st"]
[Site "Tornelo INT"]
[Date "2021.02.21"]
[Round "7.21"]
[White "Boviatsis, Charalampos"]
[Black "Iakovidis, Orestis Marios"]
[Result "1-0"]
[WhiteElo "1981"]
[BlackElo "1350"]
[PlyCount "63"]
[EventDate "2021.02.20"]
[EventType "team-swiss (rapid)"]
[EventRounds "9"]
[EventCountry "GRE"]
[SourceTitle "EXT 2023"]
[Source "ChessBase"]
[SourceDate "2022.10.05"]
[SourceVersion "1"]
[SourceVersionDate "2022.10.05"]
[SourceQuality "1"]

1. c4 Nf6 2. Nc3 e6 3. g3 c6 4. e4 d5 5. e5 Nfd7 6. d4 b6 7. cxd5 cxd5 8. Nh3 Nc6 9. Nf4 g6 10. h4 Bb7 11. Be3 Ne7 12. g4 Nb8 13. Nb5 Nc8 14. h5 Bg7 15. Qc2 Nc6 16. hxg6 hxg6 17. Rxh8+ Bxh8 18. Nxg6 Bg7 19. Nf4 Qe7 20. a3 a6 21. Nc3 b5 22. Qh7 Bf8 23. Ncxd5 exd5 24. Nxd5 Qd8 25. Nf6+ Ke7 26. 0-0-0 Nb6 27. g5 Qc7 28. Kb1 Nd8 29. d5 Bxd5 30. Bxb6 Qxe5 31. Bc5+ Ke6 32. Bh3+ 1-0